| 000 | 01025cad a22002175a 4500 | ||
|---|---|---|---|
| 001 | L157077 | ||
| 008 | 120829s2012 xxk f 000 0 eng d | ||
| 020 | _a9781842198131 | ||
| 035 | _a(Sirsi) u157077 | ||
| 041 | 0 | _aeng | |
| 100 | 1 |
_aDing, Grace _cDr |
|
| 245 | 0 | 0 |
_aInvestigating the impact of economic reforms on the construction cost management system in China _bexecutive summary _h[electronic resource] |
| 260 |
_aLondon _bRICS _c2012 |
||
| 490 | 0 | _aRICS Research | |
| 520 | _aIn 1978, the Chinese government introduced fundamental economic reforms aimed at shifting from a planned centrally controlled economy to an open-door market driven economy. This report examines the impact that these reforms have had on cost management practices in the Chinese construction industry. | ||
| 651 | 4 | _aChina | |
| 690 |
_aConstruction management _96230 |
||
| 700 | 1 |
_aSmith, Peter _cDr |
|
| 856 | 4 | 0 |
_uhttps://www.rics.org/Global/China_CMS_ExecSum_280312_dwl_aj.pdf _zView the item free of charge at www.rics.org |
| 942 | _n0 | ||
| 999 |
_c114577 _d114577 |
||